Controlling vo verejnej sfére

Implementácia kontrolingu vo verejnej sfére a v podnikoch financovaných z verejných zdrojov. Hospodárnosť ako kritérium posudzovania miery využitia ekonomických zdrojov.

Salvato in:
Dettagli Bibliografici
Autore principale: Tóth, Miroslav, 1961-
Natura: Capitolo di libro
Lingua:slovacco
Soggetti:
Tags: Aggiungi Tag
Nessun Tag, puoi essere il primo ad aggiungerne!!

MARC

LEADER 00000naa$a2200000$$$4500
001 0174010
005 20240522124210.1
041 0 |a slo 
044 |a SK 
245 1 0 |a Controlling vo verejnej sfére  |c Miroslav Tóth 
520 |a Implementácia kontrolingu vo verejnej sfére a v podnikoch financovaných z verejných zdrojov. Hospodárnosť ako kritérium posudzovania miery využitia ekonomických zdrojov. 
610 2 0 |a správa verejná 
610 2 0 |a sektor verejný 
610 2 0 |a financie verejné 
610 2 0 |a výdavky štátne 
610 2 0 |a hospodárnosť 
610 2 0 |a kontroling 
100 1 |a Tóth, Miroslav, 1961-